书目信息 |
| 题名: |
斯大林时代
|
|
| 作者: | 斯特朗 著 ;石人 译 | |
| 分册: | ||
| 出版信息: | 北京 世界知识出版社 1979.11 |
|
| 页数: | 181页 | |
| 开本: | 19cm | |
| 丛书名: | ||
| 单 册: | ||
| 中图分类: | K512.4 | |
| 科图分类: | ||
| 主题词: | 东欧--历史 , 中欧--历史 | |
| 电子资源: | ||
| ISBN: | ||
| 000 | 00624nam0 2200217 45 | |
| 001 | 0405111661 | |
| 005 | 20060913155425.95 | |
| 010 | @dCNY0.58 | |
| 091 | @a11003.502 | |
| 100 | @a20040511d1979 km y0chiy0120 ea | |
| 101 | 0 | @achi |
| 200 | 1 | @a斯大林时代@ASi Da Lin Shi Dai@f安娜·路易斯·斯特朗著@Fan na·lu yi si·si te lang zhu@g石人译 |
| 210 | @a北京@c世界知识出版社@d1979.11 | |
| 215 | @a181页@d19cm | |
| 606 | 0 | @a东欧@x历史 |
| 606 | 0 | @a中欧@x历史 |
| 690 | @aK512.4@v3 | |
| 701 | 0 | @a斯特朗@Asi te lang@4著 |
| 702 | 0 | @a石人@AShi Ren@4译 |
| 801 | @aCN@bPftUser@c20060913 | |
| 905 | @f1@b26850@f1@b79407@dK512.4@e5 | |
| 斯大林时代/安娜·路易斯·斯特朗著/石人译.-北京:世界知识出版社,1979.11 |
| 181页;19cm |
| ISBN :CNY0.58 |
| ● |
| 相关链接 |
|
|
|
|
正题名:斯大林时代
索取号:K512.4/5
 
预约/预借
| 序号 | 登录号 | 条形码 | 馆藏地/架位号 | 状态 | 备注 |
| 1 | 0026850 | 001394459 | 第二借阅区/ [索取号:K512.4/5] | 在馆 | |
| 2 | 0026852 | 202134207 | 第二借阅区/ [索取号:K512.4/5] | 在馆 | |
| 3 | 0079407 | 001394413 | 第二借阅区/ [索取号:K512.4/5] | 在馆 | |
| 4 | 0079408 | 001394495 | 第二样本阅览室/ [索取号:K512.4/5] | 在馆 | |
| 5 | 0436550 | 204365506 | 密集书库/ [索取号:K512.4/5] | 在馆 | |
| 6 | 0452730 | 204527306 | 密集书库/ [索取号:K512.4/5] | 在馆 | |
| 7 | 0453771 | 204537714 | 密集书库/ [索取号:K512.4/5] | 在馆 | |
| 8 | 0469153 | 204691538 | 密集书库/ [索取号:K512.4/5] | 在馆 | |
| 9 | 0473250 | 204732502 | 密集书库/ [索取号:K512.4/5] | 在馆 | |
| 10 | 0475187 | 204751875 | 密集书库/ [索取号:K512.4/5] | 在馆 |